000 01328nam0a2200313 4500
001 RU\NLR\bibl\219883
005 20260407130432.0
010 _a5-89554-097-Х
_9500
021 _aRU
_b2001-19475п
_9692п
035 _a(NLR Aleph) 000215956
090 _a1254380
_c1254380
100 _a20020117d2001 |||y0rusy50 ca
101 0 _arus
102 _aRU
105 _ay |||||||||
200 1 _aКонфликты в современном мире
_e[Сб. ст.]
_fПод ред. д.полит. н., проф. М.М. Лебедевой
210 _aМ.
_cМНФ
_d2001
215 _a156,[1] с.
_d20
225 1 _aНаучные доклады
_fМоск. обществ. науч. фонд
_v135
320 _aБиблиогр. в прим. в конце ст.
606 0 _aКонфликты политические
_jСборники
_92190284
_3RU\NLR\auth\661316676
686 _aФ011.4я43
702 1 _4340
_8rus
_7ca
_aЛебедева
_bМ. М.
_cд-р полит. наук, канд. психол. наук
_f1955-
_gМарина Михайловна
_3RU\NLR\auth\773943
_9113932
712 0 2 _4570
_aМосковский общественный научный фонд
_3RU\NLR\AUTH\889977344
_9451370
801 0 _aRU
_bNLR
_c20020117
_gPSBO
801 1 _aRU
_bNLR
_c20020117
942 _cBOOK
980 _aNB